000
nam a22 7a 4500
999
_c
40526
_d
40526
003
OSt
005
20170919122655.0
008
170919b xxu||||| |||| 00| 0 eng d
040
_c
SEROSOFT
100
_a
COLLINS
245
_a
COBUID STUDETNS DICTIONARY
250
_a
3
300
_a
836
942
_2
ddc
_c
01